|
|
|
|
| LEADER |
03506nam a22005775i 4500 |
| 001 |
978-0-387-28313-5 |
| 003 |
DE-He213 |
| 005 |
20151204161348.0 |
| 007 |
cr nn 008mamaa |
| 008 |
100301s2005 xxu| s |||| 0|eng d |
| 020 |
|
|
|a 9780387283135
|9 978-0-387-28313-5
|
| 024 |
7 |
|
|a 10.1007/0-387-28313-7
|2 doi
|
| 040 |
|
|
|d GrThAP
|
| 050 |
|
4 |
|a QA372
|
| 072 |
|
7 |
|a PBKJ
|2 bicssc
|
| 072 |
|
7 |
|a MAT007000
|2 bisacsh
|
| 082 |
0 |
4 |
|a 515.352
|2 23
|
| 100 |
1 |
|
|a Verhulst, Ferdinand.
|e author.
|
| 245 |
1 |
0 |
|a Methods and Applications of Singular Perturbations
|h [electronic resource] :
|b Boundary Layers and Multiple Timescale Dynamics /
|c by Ferdinand Verhulst.
|
| 264 |
|
1 |
|a New York, NY :
|b Springer New York,
|c 2005.
|
| 300 |
|
|
|a XVI, 328 p.
|b online resource.
|
| 336 |
|
|
|a text
|b txt
|2 rdacontent
|
| 337 |
|
|
|a computer
|b c
|2 rdamedia
|
| 338 |
|
|
|a online resource
|b cr
|2 rdacarrier
|
| 347 |
|
|
|a text file
|b PDF
|2 rda
|
| 490 |
1 |
|
|a Texts in Applied Mathematics,
|x 0939-2475 ;
|v 50
|
| 505 |
0 |
|
|a Basic Material -- Approximation of Integrals -- Boundary Layer Behaviour -- Two-Point Boundary Value Problems -- Nonlinear Boundary Value Problems -- Elliptic Boundary Value Problems -- Boundary Layers in Time -- Evolution Equations with Boundary Layers -- The Continuation Method -- Averaging and Timescales -- Advanced Averaging -- Averaging for Evolution Equations -- Wave Equations on Unbounded Domains.
|
| 520 |
|
|
|a Perturbation theory, one of the most intriguing and essential topics in mathematics, and its applications to the natural and engineering sciences is the main focus of this workbook. In a systematic introductory manner, this unique book deliniates boundary layer theory for ordinary and partial differential equations, multi-timescale phenomena for nonlinear oscillations, diffusion and nonlinear wave equations. The book provides analysis of simple examples in the context of the general theory, as well as a final discussion of the more advanced problems. Precise estimates and excursions into the theoretical background makes this workbook valuable to both the applied sciences and mathematics fields. As a bonus in its last chapter the book includes a collection of rare and useful pieces of literature, such as the summary of the Perturbation theory of Matrices. Detailed illustrations, stimulating examples and exercises as well as a clear explanation of the underlying theory makes this workbook ideal for senior undergraduate and beginning graduate students in applied mathematics as well as science and engineering fields.
|
| 650 |
|
0 |
|a Mathematics.
|
| 650 |
|
0 |
|a Dynamics.
|
| 650 |
|
0 |
|a Ergodic theory.
|
| 650 |
|
0 |
|a Differential equations.
|
| 650 |
|
0 |
|a Partial differential equations.
|
| 650 |
|
0 |
|a Applied mathematics.
|
| 650 |
|
0 |
|a Engineering mathematics.
|
| 650 |
|
0 |
|a Numerical analysis.
|
| 650 |
|
0 |
|a Physics.
|
| 650 |
1 |
4 |
|a Mathematics.
|
| 650 |
2 |
4 |
|a Ordinary Differential Equations.
|
| 650 |
2 |
4 |
|a Partial Differential Equations.
|
| 650 |
2 |
4 |
|a Mathematical Methods in Physics.
|
| 650 |
2 |
4 |
|a Dynamical Systems and Ergodic Theory.
|
| 650 |
2 |
4 |
|a Numerical Analysis.
|
| 650 |
2 |
4 |
|a Applications of Mathematics.
|
| 710 |
2 |
|
|a SpringerLink (Online service)
|
| 773 |
0 |
|
|t Springer eBooks
|
| 776 |
0 |
8 |
|i Printed edition:
|z 9780387229669
|
| 830 |
|
0 |
|a Texts in Applied Mathematics,
|x 0939-2475 ;
|v 50
|
| 856 |
4 |
0 |
|u http://dx.doi.org/10.1007/0-387-28313-7
|z Full Text via HEAL-Link
|
| 912 |
|
|
|a ZDB-2-SMA
|
| 950 |
|
|
|a Mathematics and Statistics (Springer-11649)
|